000 00471nab a2200145Ia 4500
003 ES-SlBCS
005 20210820151610.0
008 140529s1969 xxu||||| |||| 00| 0 ita d
041 _aita
100 1 _aValenziano, Crispino
_912710
245 0 0 _aAelredo di Rievaulx e la sua teoria d'amicizia
_c Crispino Valenziano
600 0 4 _aAelredo de Rievaulx-Amistad
_9199715
773 0 _tGiornali di Metafisica
_gvol. 24, nº. 2-3, 1969, págs. 255-278
_w0017-0372
942 _cAR
999 _c587036
_d587036